| 000 | 00347nam a2200145Ia 4500 | ||
|---|---|---|---|
| 008 | 210210b1982 xxu||||| |||| 00| 0 eng d | ||
| 020 | _a0 86125 533 X | ||
| 082 | _a824 TURM | ||
| 100 | _aTURNER (W). | ||
| 245 | _aMini essays.Book 3. | ||
| 260 |
_aHyderabad _bOarient Longman _c1982 |
||
| 300 | _a58 | ||
| 690 | _aEnglish Prose | ||
| 906 | _a040703 | ||
| 999 |
_c90573 _d90573 |
||